000
00304nam a2200133Ia 4500
005
20251222154313.0
008
251222s9999||||xx |||||||||||||| ||spa||
020
_a
978-84-7829-081-9
082
_a
612.8/P59
100
_a
"Pinel, John P."
245
0
_a
Biopsicología
250
_a
6a.ed.
942
_c
LIB
999
_c
33472
_d
33472